Responsabilidad médica y hospitalaria / (Registro nro. 326448)

Detalles MARC
000 -ENCABEZADO
Número de control [NR] 01097nam a22002177a 4500
005 - FECHA Y HORA DE LA ÚLTIMA TRANSACCIÓN
control field 20260525083543.0
008 - DE LONGITUD FIJA DE DATOS DE ELEMENTOS - INFORMACIÓN GENERAL
Elementos de longitud fija [NR] 260525n |||||||| |||| 00| 0 spa d
020 ## - NUMERO INTERNACIONAL NORMALIZADO PARA LIBROS [R]
Número Internacional Normalizado del libro [NR] 9789587693515
040 ## - FUENTE DE CATALOGACION [NR]
Agencia de catalogación original [NR] CO-BoUCM
Idioma de catalogación [NR] spa
Quien Cataloga Stefania Borbon
Quien Clasifica Stefania Borbon
041 ## - CODIGO DE IDIOMA [R]
Código de idioma para texto/pista de sonido o título separado [R] Español
100 ## - ASIENTO PRINCIPAL--NOMBRE PERSONAL [NR]
Nombre personal [NR] Barona Betancourt, Ricardo
ID Autoridad 79260
245 ## - MENCION DE TITULO [NR]
Título [NR] Responsabilidad médica y hospitalaria /
Mención de responsabilidad, etc. [NR] Ricardo Barona Betancourt
260 ## - PUBLICACION, DISTRIBUCION, ETC. (PIE DE IMPRENTA) [R]
Lugar de publicación, distribución, etc. [R] Bogotá, D.C. :
Nombre del editor, distribuidor, etc. [R] Leyer Editores,
Fecha de publicación, distribución, etc. [R] 2016
300 ## - DESCRIPCION FISICA [R]
Extensión [R] 391 páginas
520 ## - NOTA DE RESUMEN, ETC. [R]
Nota de sumario, etc. [NR] Obra jurídica especializada en el análisis de la responsabilidad legal derivada del acto médico y la gestión hospitalaria en el contexto de la legislación y jurisprudencia de Colombia. Aborda temas relacionados con la mala praxis, las obligaciones de los profesionales de la salud y de las instituciones prestadoras de servicios médicos.
650 #4 - ASIENTO SECUNDARIO DE MATERIA - TERMINO TEMATICO [R]
Término temático o nombre geográfico como elemento de entrada [NR] Responsabilidad médica
Subdivisión geográfica [R] Colombia
9 (RLIN) 38374
650 #4 - ASIENTO SECUNDARIO DE MATERIA - TERMINO TEMATICO [R]
Término temático o nombre geográfico como elemento de entrada [NR] Responsabilidad hospitalaria
Subdivisión geográfica [R] Colombia
9 (RLIN) 189376
650 #4 - ASIENTO SECUNDARIO DE MATERIA - TERMINO TEMATICO [R]
Término temático o nombre geográfico como elemento de entrada [NR] Derecho médico
Subdivisión geográfica [R] Colombia
9 (RLIN) 189377
942 ## - ELEMENTOS DE ENTRADA AGREGADOS (KOHA)
Sistema de clasificación DEWEY
Tema principal Derecho
Tipo de ítem principal el descrito en 300a Libro
Edición 1
Clasificación 344.041
Parte restante de la signatura top. B266r
Existencias
Total préstamos Signatura topográfica Código de barras Última vez visto Ejemplar Price effective from Tipo de ítem Perdido Sistema de clasificación Dañado No prestable Tipo de ítem específico Suprimido Ubicación habitual Ubicación actual Localización Fecha de creación Forma de adquisición Costo
  344.041 B266r 100175292 25/05/2026 Ej.1 25/05/2026 Libro   DEWEY     Libro   Claustro Claustro 3er piso 25/05/2026 Compra 79000.00